000 00963nam a2200265 i 4500
003 DO-SdBNP
005 20260203141039.0
007 ta
008 260203b2023 dr ac||| |||| 00| 0 spa d
040 _aDO-SdBNP
_bspa
_cBNPHU
_erda
041 _aspa
082 4 _axxx
_bU58i 2019-2021
_222
110 2 _aUniversidad Nacional Pedro Henríquez Ureña
245 1 0 _aInforme de gestión :
_bperíodo rectoral 2021-2023 /
_cMiguel Fiallo Calderón
264 _aSanto Domingo, República Dominicana :
_bUniversidad Nacional Pedro Henríquez Ureña (UNPHU),
_c2023.
300 _a155 páginas :
_bilustraciones, retratos ;
_c32 cm.
336 _atexto
_btxt
_2rdacontent
337 _asin mediación
_bn
_2rdamedia
338 _avolumen
_bnc
_2rdacarrier
500 _aJunta de administración Arq. Raúl de Moya Español, presidente
590 _aInventariado, 2026 /LP
700 1 _aFiallo Calderón, Miguel,
_d1948-
_975903
910 _aLP
942 _2ddc
_cLBS1
999 _c60200
_d60200